banner koha

Flora das cangas da Serra dos Carajás, Pará, Brasil: Vochysiaceae (Registro n. 331529)

MARC details
000 -LÍDER
fixed length control field 01755nab a2200253 i 4500
003 - CÓDIGO MARC DA AGÊNCIA CATALOGADORA
Campo de controle BR-BrBNA
005 - DATA E HORA DA ÚLTIMA ATUALIZAÇÃO
Campo de controle 20250515165242.0
008 - CAMPO DE TAMANHO FIXO
fixed length control field 250515b2017 bl.qr|pooa||| 00| 0 por |
040 ## - FONTE DA CATALOGAÇÃO
Agência catalogadora BR-BrBNA
Idioma da catalogação por
072 ## - CATEGORIA AGRIS
Código AGRIS F70
100 ## - ENTRADA PRINCIPAL - NOME PESSOAL
Nome pessoal Shimizu, Gustavo Hiroaki
100 ## - ENTRADA PRINCIPAL - NOME PESSOAL
Nome pessoal Gonçalves, Deise Josely Pereira
245 ## - TÍTULO PRINCIPAL
Título principal Flora das cangas da Serra dos Carajás, Pará, Brasil: Vochysiaceae
500 ## - NOTA GERAL
Nota geral Publicação on-line; 17 ref.; 2 illus.; Summaries (En, Pt)
942 ## - ADDED ENTRY ELEMENTS (KOHA)
Koha item type Analítica
520 ## - NOTA DE RESUMO
Nota de conteúdo <br/><br/>Resumo<br/><br/>Este estudo apresenta as espécies de Vochysiaceae que ocorrem em vegetação de canga na Serra dos Carajás,<br/>no estado do Pará, Brasil, incluindo descrições morfológicas, ilustrações e comentários. Foram registradas<br/>quatro espécies: Callisthene microphylla, Qualea multiflora, Q. parviflora e Vochysia haenkeana. <br/><br/>Palavras-chave: Amazônia, Callisthene, Qualea, taxonomia, Vochysia.<br/><br/><br/><br/><br/>Abstract<br/><br/>This study presents the species of Vochysiaceae that occur in canga vegetation of Serra dos Carajás, in the Pará<br/>state, Brazil, including morphological descriptions, illustrations, and comments. Four species were recorded:<br/>Callisthene microphylla, Qualea multiflora, Q. parviflora and Vochysia haenkeana. <br/><br/>Key words: Amazon, Callisthene, Qualea, taxonomy, Vochysia.
650 ## - ASSUNTO - THESAGRO
Cabeçalho tópico ou nome geográfico AMAZÔNIA
650 ## - ASSUNTO - THESAGRO
Cabeçalho tópico ou nome geográfico QUALEA GRANDIFLORA
650 ## - ASSUNTO - THESAGRO
Cabeçalho tópico ou nome geográfico TAXONOMIA
650 ## - ASSUNTO - THESAGRO
Cabeçalho tópico ou nome geográfico VOCHYSIACEAE
773 0# - ENTRADA ANALÍTICA
Host Biblionumber 709
Registro do item 350025
Imprenta Rio de Janeiro-RJ Jardim Botanico do Rio de Janeiro 1935
Outro identificador 2025-2634
Título Rodriguésia (Brazil)
ISSN 0370-6583; 2175-7860 on-line
Colação v. 68(3 special number) p. 1159-1164; (2017)
Número de controle de registro BR2025000977
856 ## - ACESSO E ENDEREÇO ELETRÔNICO
Identificador uniforme de recurso - URI https://www.scielo.br/j/rod/a/9g4KWF7BfM58V7JRhs54JvM/?format=pdf&lang=pt

Nenhum exemplar disponível.

BINAGRI

Telefone: (61)3218-2567/2388/3357/2097 - binagri@agro.gov.br

Ministério da Agricultura e Pecuária , Esplanada dos Ministérios, Bloco D, Anexo B, Brasília/DF, CEP: 70.043-900